| 000 | 00839nam a2200229 i 4500 | ||
|---|---|---|---|
| 001 | 35784 | ||
| 003 | ES-MaACL | ||
| 005 | 20250902085359.0 | ||
| 007 | t| | ||
| 008 | 030214s1974 sp a ||||1| spa d | ||
| 100 | 1 |
_aBozas Urrutia, Rodolfo. _931215 |
|
| 245 | 1 | 0 |
_aFrancisco Amorós y el antiguo juego de pelota / _cpor R. Rozas Urrutia. |
| 260 |
_aSan Sebastián : _bReal Sociedad Vascongada de Amigos del País, _c[1974] |
||
| 300 |
_a220 p. : _bil. ; _c21 cm. |
||
| 595 | _aSeparata de: Boletín de la Real Sociedad Vascongada de los Amigos del País, años XXIX y XXX. | ||
| 650 | 4 |
_aPelota vasca. _9155094 |
|
| 650 | 4 |
_aJuegos de pelota. _9136326 |
|
| 710 | 2 |
_aReal Sociedad Bascongada de los Amigos del País _96366 |
|
| 852 |
_aES-MaACL _jE-6323 |
||
| 852 |
_aES-MaACL _jE-6533 _bR.90630 |
||
| 999 |
_c35784 _d35784 |
||